=LDR 00000nam 2200000 4500 =001 INLIS000000000042806 =005 20131008015621 =008 ***********************************Ind** =035 ##$$0010-101300000000728 =041 ##$$a Ind =082 ##$$a 610.736 =090 ##$$a 610.736, Tar k =100 ##$$a Tarwoto =245 ##$$a Keperawatan medical bedah gangguan sistem persarafan, Tarwoto, Wartonah, Eros Siti Suryati =260 ##$$a 2007 $b Jakarta =300 ##$$a vii, 231 hlm, ilus, 23 cm =650 ##$$a Perawat dan Keperawatan - Bedah =700 ##$$a Wartonah =850 ##$$a NBPNMAT